[Event "Warsaw Szansa op"]
[Site "Warsaw"]
[Date "2022.09.17"]
[Round "6"]
[White "Siekanska, Maria"]
[Black "Zablocki, Michal"]
[Result "1-0"]
[WhiteElo "2029"]
[BlackElo "1136"]
[PlyCount "83"]
[EventDate "2022.09.17"]
[EventType "swiss (rapid)"]
[EventRounds "11"]
[EventCountry "POL"]
[SourceTitle "EXT 2023"]
[Source "ChessBase"]
[SourceDate "2022.10.05"]
[SourceVersion "1"]
[SourceVersionDate "2022.10.05"]
[SourceQuality "1"]

1. d4 d6 2. c4 Nd7 3. e4 e5 4. Nf3 Ngf6 5. Nc3 Be7 6. Be2 0-0 7. d5 c6 8. 0-0 a6 9. Bd2 Nc5 10. Qc2 Bg4 11. b4 Bxf3 12. Bxf3 Ncd7 13. Rac1 cxd5 14. cxd5 b5 15. a4 bxa4 16. Nxa4 Qb8 17. Qa2 Bd8 18. Rc6 a5 19. b5 Nb6 20. Rfc1 Nxa4 21. Qxa4 Bb6 22. Bg5 Bc5 23. Bxf6 gxf6 24. Bg4 Kh8 25. Bf5 Rg8 26. Qb3 a4 27. Qh3 Rg7 28. Rc8+ Qxc8 29. Bxc8 a3 30. Bb7 Ra4 31. Qb3 Ra5 32. Bc6 Rg8 33. b6 Rb8 34. b7 Ra7 35. h3 Bd4 36. Rc2 Kg7 37. Ra2 Bc5 38. h4 Kf8 39. h5 h6 40. Qg3 Ke7 41. Qg4 Rd8 42. Qc8 1-0